Business ethics : A real world approach

This book provides assistance to employees by taking a journey through the challenging world of business ethics at the ground level of the organization rather than flying through the abstract concepts and philosophical arguments at the treetop level. By examining issues and scenarios that relate dir...

Deskribapen osoa

Gorde:
Xehetasun bibliografikoak
Egile nagusia: Ghillyer, Andrew
Formatua: Liburua
Hizkuntza:Undetermined
Argitaratua: Boston McGraw Hill Higher Education 2010
Gaiak:
Etiketak: Etiketa erantsi
Etiketarik gabe, Izan zaitez lehena erregistro honi etiketa jartzen!
Thư viện lưu trữ: Trung tâm Học liệu Trường Đại học Cần Thơ
LEADER 01143nam a2200229Ia 4500
001 CTU_179295
008 210402s9999 xx 000 0 und d
020 |c 1800000 
082 |a 174.4 
082 |b G424 
100 |a Ghillyer, Andrew 
245 0 |a Business ethics : 
245 2 |b A real world approach 
245 0 |c Andrew Ghillyer 
260 |a Boston 
260 |b McGraw Hill Higher Education 
260 |c 2010 
520 |a This book provides assistance to employees by taking a journey through the challenging world of business ethics at the ground level of the organization rather than flying through the abstract concepts and philosophical arguments at the treetop level. By examining issues and scenarios that relate directly to their work environment (and their degree of autonomy in that environment), employees can develop a clearer sense of how their corporate code of ethics relates to operational decisions made on a daily basis. 
650 |a Business ethics,Đạo đức kinh doanh,Business ethics 
904 |i Trọng Hiếu 
910 |a Nguyên 
980 |a Trung tâm Học liệu Trường Đại học Cần Thơ